000 02111cam a2200457 i 4500
001 200468179
003 TR-AnTOB
005 20260417142023.0
007 ta
008 260417t19931992nyu 000 d eng
010 _a 92050638
020 _a067974536X
_q(paperback)
020 _a9780679745365
_q(paperback)
035 _a(CLU)4159799-ucladb-Voyager
035 _a(OCoLC)26856886
035 _a(OCoLC)ocm26856886
035 _a(EXLNZ-01UCS_NETWORK)9912834929606531
035 _a(TR-AnTOB)200468179
040 _aDLC
_beng
_erda
_cDLC
_dCUM
_dXY4
_dNLGGC
_dBAKER
_dBTCTA
_dYDXCP
_dBDX
_dOCLCO
_dOCLCF
_dSJE
_dOCLCQ
_dOCLCA
_dIHV
_dAUHCL
_dOCL
_dOCLCQ
_dCSJ
_dOCLCO
_dOKX
_dOCLCQ
_dOCLCO
_dOCLCA
_dCPS
_dTYC
_dOCLCO
_dXFF
_dOCLCO
_dVP@
_dXXWGB
_dOCLCA
_dL2U
_dOCLCO
_dOCLCL
_dOCLCQ
_dIG#
_dOCLCL
_dOCLCQ
_dSJD
_dTR-AnTOB
041 0 _aeng
050 0 0 _aPS3563.A4345
_bO4 1993
090 _aPS3563.A4345
_bO4 1993
100 1 _aMamet, David
_eauthor
_4aut
_0http://id.loc.gov/authorities/names/n77012756
_9153768
245 1 0 _aOleanna /
_cDavid Mamet.
250 _aFirst Vintage books edition.
264 1 _aNew York :
_bVintage Books,
_c1993.
264 4 _c©1992
300 _axv, 80 pages ;
_c21 cm
336 _atext
_btxt
_2rdacontent
337 _aunmediated
_bn
_2rdamedia
338 _avolume
_bnc
_2rdacarrier
380 _aDrama
520 _a"In David Mamet's latest play, a male college instructor and his female student sit down to discuss her grades and in a terrifyingly short time become the participants in a modern reprise of the Inquisition. Innocuous remarks suddenly turn damning. Socratic dialogue gives way to heated assault. And the relationship between a somewhat fatuous teacher and his seemingly hapless pupil turns into a fiendishly accurate X ray of the mechanisms of power, censorship, and abuse"--Page 4 of cover.
650 0 _aWomen college students
_vDrama
_9153769
650 0 _aCollege teachers
_vDrama
_9153675
650 0 _aTeacher-student relationships
_vDrama
_996469
655 7 _aDrama
_2lcgft
_9153046
942 _2lcc
_cBK
999 _c200468179
_d86391